NFL Quiz - Slightly Difficult - Statistics

General Stats
  • This quiz has been taken 64 times
  • The average score is 9 of 15
Answer Stats
Hint Answer % Correct
Kirk Cousins's Number 8
91%
Patrick Mahomes's college Texas Tech
89%
Intercepted Russell Wilson in Super Bowl XLIX Malcolm Butler
87%
Edge Rusher for the Cleveland Browns Myles Garrett
87%
This WR was drafted by the Packers and plays for the Raiders currently. Davante Adams
83%
Peyton Manning's college Tennessee
83%
Daniel Jone's college Duke
68%
Washington QB that went to North Dakota State Carson Wentz
66%
Matt Ryan's college Boston College
57%
32nd Overall Pick in 2018 NFL Draft Lamar Jackson
57%
Offensive Player of the Year in the 2021 Season Cooper Kupp
49%
1st Overall Pick in 2012 NFL Draft Andrew Luck
45%
2nd Overall Pick in 2015 NFL Draft Marcus Mariota
42%
Comeback Player of the Year in the 2021 Season Joe Burrow
26%
Defensive Rookie of the Year in the 2012 Season Luke Kuechly
9%
No matching quizzes found
Score Distribution
Percent of People with Each Score
Percentile by Number Answered
Your Score History
You have not taken this quiz